000 00675cam a22001935a 4500
001 L156155
008 120502s1812 xxk f 000 0 eng d
035 _a(Sirsi) u156155
041 0 _aeng
100 1 _aHoare, Richard Colt
_cSir
_d1758-1838
245 0 4 _aThe ancient history of ... Wiltshire
260 _aLondon
_bW. Miller
_c1812
300 _a3 v. in 2
_bfronts. (v. 1, 2: ports.) ill., plates (part fold.) maps (part fold.) plans
_c47 cm.
520 _aLibrary holds two copies of volume 1.
583 0 _aCondition reviewed
_c20120620
_lcondition level 1, 2 and 4, detached boards
651 4 _aEngland
_y886-
690 _aConservation and restoration
942 _n0
999 _c114062
_d114062